GP von China (2025) - Ergebnisse - Statistiken

Allgemein
  • Dieses Quiz wurde 86 mal gespielt
  • Das Durchschnittsergebnis liegt bei 8 aus 10
Antwortstatistiken
Position Punkte Fahrer % Korrekt
2 18 Lando Norris
100%
1 25 Oscar Piastri
100%
4 12 Max Verstappen
97%
3 15 George Russell
92%
6 8 Andrea Kimi Antonelli
85%
10 1 Carlos Sainz
77%
5 10 Esteban Ocon
77%
7 6 Alex Albon
73%
8 4 Oliver Bearman
70%
9 2 Lance Stroll
64%
Keine übereinstimmenden Quizze gefunden
Verteilung der Resultate
Anzahl Personen mit jedem Resultat
Perzentil nach korrekt beantworteten Fragen
Ihre Resultats-Entwicklung
Sie haben dieses Quiz noch nicht gespielt